000 004210000a22001690004500
003 MACL
005 20160102120458.0
008 160102b xxu||||| |||| 00| 0 eng d
040 _aMACL
_cMACL
041 _aEnglish
082 _a614.477/ERA
100 _aFrankland, Percy
_926858
245 _aPasteur
260 _bCassell & Company
_c1901
_aLondon
650 _aMedical Science
_926859
942 _cBK
_k614.477/FRA
_2ddc
999 _c38731
_d38731